000 00926nam a2200241 i 4500
001 188044
003 SpMaBN
005 20230906223107.0
008 180419s1947 ag p |||| |dspa d
100 1 _aMolina, Tirso de,
_d1579-1648
_9226522
245 1 3 _aEl burlador de Sevilla
_b; y El vergonzoso en palacio /
_cTirso de Molina ; edición y prólogo de José Mallorquí Figuerola.
246 3 4 _iTít. de cub.
_aComedias
250 _a2ª ed.
260 _aBuenos Aires :
_bMolino,
_c1947.
300 _a204 p. ;
_c20 cm.
490 1 _aLiteratura clásica ;
_v9
700 1 _aMolina, Tirso de,
_d1579-1648.
_tEl burlador de Sevilla
_981909
700 1 _aMallorquí Figuerola, José.
_975830
740 3 2 _aEl vergonzoso en palacio.
830 0 _aLiteratura clásica ;
_v9
_9225633
852 _aES-MaACL
_jL-31925
_z. - Donat. herederos de la bibl. de Mª del Pilar Costa Palacín
999 _c188044
_d188044